| 000 | 00920nam a22002897a 4500 | ||
|---|---|---|---|
| 003 | CHAP | ||
| 005 | 20220817041844.0 | ||
| 008 | 971013s1984 r 00010 d | ||
| 010 | _a26650 | ||
| 011 | _a27622 | ||
| 035 | _a31723 | ||
| 040 | _cCHAP | ||
| 090 | _aFolleto 1067 | ||
| 100 | 0 | 0 |
_aIve, J. R. _960716 |
| 245 |
_aSIRO-PLAN and LUPLAN _b: notes for resources agency clients |
||
| 260 |
_a(Melbourne) : _bCommonwealth Scientific and Industrial Research Organization. Division of Water and Land Resources, _c1984 |
||
| 300 | _a(48) p | ||
| 490 |
_aTechnical memorandum _v; 84/7 |
||
| 590 |
_aBATCH-UPD _b10 _c20130110 _lUCH01 _h2059 |
||
| 590 |
_aCONVERSION _b10 _c20130109 _lUCH01 _h1315 |
||
| 650 | 1 | 4 |
_aParques nacionales. _985696 |
| 700 | 0 |
_aCocks, K. D. _924232 |
|
| 830 | 0 |
_aTechnical memorandum _v; 84/7 |
|
| 901 | _aBK | ||
| 942 | _cFOLL | ||
| 949 |
_aFolleto 1067 _bBC _cFOLL _d-73400 _eTS1 _i31723 _mD _si |
||
| 999 |
_c26650 _d26650 |
||